حقیقت منتظر (Record no. 872012)
[ view plain ]
| 000 -LEADER | |
|---|---|
| fixed length control field | 01013nam a2200301 a 4500 |
| 001 - CONTROL NUMBER | |
| control field | vtls001429013 |
| 003 - CONTROL NUMBER IDENTIFIER | |
| control field | NLI |
| 005 - DATE AND TIME OF LATEST TRANSACTION | |
| control field | 20210627115107.0 |
| 008 - FIXED-LENGTH DATA ELEMENTS--GENERAL INFORMATION | |
| fixed length control field | 121129s1997 ii 000 p urd |
| 020 ## - INTERNATIONAL STANDARD BOOK NUMBER | |
| Terms of availability | Rs. 80.00 |
| 039 #9 - LEVEL OF BIBLIOGRAPHIC CONTROL AND CODING DETAIL [OBSOLETE] | |
| -- | 201211291707 |
| -- | VLOAD |
| 040 ## - CATALOGING SOURCE | |
| Original cataloging agency | NLI |
| Language of cataloging | urdeng |
| Transcribing agency | Datasoft_Urdu |
| Description conventions | AACR2 |
| 041 0# - LANGUAGE CODE | |
| Language code of text/sound track or separate title | urd |
| 044 ## - COUNTRY OF PUBLISHING/PRODUCING ENTITY CODE | |
| MARC country code | ii |
| 082 04 - DEWEY DECIMAL CLASSIFICATION NUMBER | |
| Classification number | 891.431 |
| 100 0# - MAIN ENTRY--PERSONAL NAME | |
| Linkage | 880-01 |
| Personal name | رام پرکاش راہی |
| 9 (RLIN) | 694156 |
| 245 10 - TITLE STATEMENT | |
| Linkage | 880-02 |
| Title | حقیقت منتظر |
| Remainder of title | شعری مجموعہ |
| Statement of responsibility, etc. | رام پرکاش راہی |
| 260 ## - PUBLICATION, DISTRIBUTION, ETC. | |
| Place of publication, distribution, etc. | نئ دھلی |
| Name of publisher, distributor, etc. | کیپیٹل آفسیٹ پریس |
| Date of publication, distribution, etc. | 1997 |
| 300 ## - PHYSICAL DESCRIPTION | |
| Extent | 176 p. |
| Dimensions | 22 cm. |
| 650 #0 - SUBJECT ADDED ENTRY--TOPICAL TERM | |
| Topical term or geographic name entry element | Urdu poetry |
| 880 10 - ALTERNATE GRAPHIC REPRESENTATION | |
| Linkage | 245-02 (B |
| a | Haqiqat Muntazar |
| b | sh'ri majmu'a |
| c | Rām Parkāsh Rāhī |
| 880 0# - ALTERNATE GRAPHIC REPRESENTATION | |
| Linkage | 100-01 (B |
| a | Rām Parkāsh Rāhī |
| 887 ## - NON-MARC INFORMATION FIELD | |
| Content of non-MARC field | (Shaiqua) 09.01.2012 - Javed 07.02.2012 |
| 901 ## - LOCAL DATA ELEMENT A, LDA (RLIN) | |
| a | UR26285-19089 |
| b | 21.07.2008 |
| 1 | 1U2945-2946 |
| 902 ## - LOCAL DATA ELEMENT B, LDB (RLIN) | |
| a | U 891.431R 791 h |
| 904 ## - LOCAL DATA ELEMENT D, LDD (RLIN) | |
| c | (Shaiqua) 09.01.2012 - Javed 07.02.2012 |
| l | U2945-2946 |
| 942 ## - ADDED ENTRY ELEMENTS (KOHA) | |
| Source of classification or shelving scheme | Dewey Decimal Classification |
| Koha item type | Books |
| Withdrawn status | Lost status | Damaged status | Not for loan | Collection code | Home library | Current library | Shelving location | Date acquired | Total Checkouts | Full call number | Date last seen | Price effective from | Koha item type |
|---|---|---|---|---|---|---|---|---|---|---|---|---|---|
| Urdu | National Library of India | National Library of India | Urdu - Book - Main Stack Division | U 891.431R 791 h | 27/06/2021 | 27/06/2021 | Books |
